LEADER 01148nam a2200253 u 4500 001 000000019059 003 CaOOAMICUS 005 20070226110738.0 008 950126s1853 it u000 u ita u 035 $a10454975 040 $aBSR$bita$dPUL(R) 100 1 $aMarchesi, Raffaele,$csac.,$d1810-1871.$0(OLS)http://pul/name/16789 245 13$aIl Cambio di Perugia :$bconsiderazioni storico artistiche /$cper l'ab. Raffaello Marchesi. 260 $aPrato :$bTip. F. Alberghetti,$c1853. 300 $axii, 496 p. ;$c22 cm 500 $aAt end: Pubblicato nel maggio 1854. 504 $aContains bibliographical references. 610 20$aCollegio del Cambio (Museum).$2//eng$0(OLS)http://pul/subject/12855 651 0$aPerugia (Italy)$xHistory.$2//eng$0(OLS)http://pul/subject/216 850 $aPUL 852 $aPUL$W1$xDP1 Antico 800$y27$m121 D 13$j26824$nBK-PRI$b $qStampati Antico$B26824$CPULBib$Z2$F26824 $H $81 941 1 $a15 996 $6245$aIl Cambio di Perugia :$bconsiderazioni storico artistiche$9(OLS)http://pul/title/27003 996 $6260$aPrato :$bTip. F. Alberghetti$9(OLS)http://pul/publisher/56039 LEADER 01310nam a2200325 a 4500 001 000000173390 003 CaOOAMICUS 005 20200507182413.0 008 200507s2019 it a u000 u ita r 020 $a978-88-372-3315-0* 032 $aLibriCat 040 $aPUL$bita 082 04$a200.9 100 1 $aFiloramo, Giovanni,$d1945-$0(OLS)http://pul/name/6760 245 10$aStoria antologica delle religioni /$cGiovanni Filoramo. 260 $aBrescia :$bMorcelliana,$cİ2019. 300 $a302 p.;$b$c23 cm 490 1 $aScienze e storia delle religioni. Nuova serie ;$v25 500 $aComprende indici. 504 $aBibliografia in nota. 650 4$aReligioni$xStoria comparata.$0(OLS)http://pul/subject/127 830 0$aScienze e storia delle religioni.$pNuova serie ;$v25.$0(OLS)http://pul/title/144146 850 $aPUL 852 $aPUL$W1$xSL Religione 3$y85$m200. 9 FILGI 1$j197385$qDDC 21$B202168$CPULBib$Z2$F202168 $H134182 $82 941 1 $a9 996 $6020$a978-88-372-3315-0*$9(OLS)http://pul/number/167397 996 $6082$a200.9$9(OLS)http://pul/classification/2577 996 $6245$aStoria antologica delle religioni$9(OLS)http://pul/title/214555 996 $6260$aBrescia :$bMorcelliana$9(OLS)http://pul/publisher/47854